000 01049naa a22002897a 4500
001 BR8202758
003 BR-BrBNA
005 20240918175118.0
007 ta
008 230509b bl.||||| |||| 00| 0 por d
040 _aBR-BrBNA
_bpor
_cBiblioteca Nacional de Agricultura
041 _a(Pt)
072 _aL00
_b7100
_bG514
090 _aL00 BR8202758
100 1 _aMarques, A.N.
100 1 _aWiese, H.
245 1 _aManipulacao das colmeias [Abelha; Apis mellifera; Apicultura; Brasil]
250 1 _a3. ed.
260 3 _aPorto Alegre, RS (Brasil):
_bLivraria e Editora Agropecuaria,
_c1982.
500 _aWiese, H.; Marques, A.N.; Meyer, C.R.; Puttkammer, E. Nova apicultura 3. ed. Porto Alegre, RS (Brasil): Livraria e Editora Agropecuaria, 1982. p. 185-214 (BR8202758-AM)L00
650 _aABELHA
650 _aAPICULTURA
650 _aCOLMEIA
773 0 _tNova apicultura
_aWiese, H.(coord.)
_b6. ed.
_w7110 BR2012004931
_gPorto Alegre, RS (Brasil), 1985.
_q493 p.
909 _a202404
_bLucia
_c55
_dLucia Elande
942 _cAM
_2AGRIS
999 _c315072
_d315072